Desde una perspectiva de la diferencia: prejucio, tradición y autoridad en Gadamer /

Sábháilte in:
Sonraí bibleagrafaíochta
Príomhchruthaitheoir: Estrada Mora, Olga C.
Formáid: Téacs
Clibeanna: Cuir clib leis
Níl clibeanna ann, Bí ar an gcéad duine le clib a chur leis an taifead seo!

MARC

LEADER 00000 a a2200000 04500
001 48882
003
040
100 |a Estrada Mora, Olga C.  
245 |a Desde una perspectiva de la diferencia:   |b prejucio, tradición y autoridad en Gadamer /  |c Olga C. Estrada Mora  
773 |a volumen53, número135, (2014), páginas 9-23  
999 |c 28170  |d 28170